maiores cidades estaduais que começam com a letra A - Statistics

Estatísticas Gerais
  • Esse quiz foi jogado 28 vezes
  • A pontuação média é 9 de 27
Estatísticas das Respostas
estado Resposta população POSIÇÃO NO ESTADO % Correto
PARÁ ANANINDEUA 478.778
81%
ALAGOAS ARAPIRACA 234.696
81%
GOIÁS APARECIDA DE GOIÂNIA 527.796
76%
RIO DE JANEIRO ANGRA DOS REIS 167.434 18º
57%
TOCANTINS ARAGUAÍNA 171.301
57%
SÃO PAULO ARARAQUARA 242.228 34º
48%
PARANÁ ARAUCÁRIA 155.666 10º
48%
RONDÔNIA ARIQUEMES 96.833
48%
AMAPÁ AMAPÁ 7.943 11º
43%
CEARÁ AQUIRAZ 80.243 14°
43%
BAHIA ALAGOINHAS 151.065 12º
38%
PIAUÍ ALTOS 47.453
38%
RIO GRANDE DO SUL ALVORADA 187.315 12º
38%
ESPIRITO SANTO ARACRUZ 94.765 10°
38%
ACRE ACRELÂNDIA 14.021 15º
33%
MATO GROSSO DO SUL AQUIDAUANA 46.803
33%
MARANHÃO AÇAILÂNDIA 106.550
29%
MATO GROSSO ALTA FLORESTA 58.613 11°
24%
SANTA CATARINA ARARANGUÁ 71.922 23º
24%
PERNAMBUCO ABREU E LIMA 99.990 14º
19%
MINAS GERAIS ARAGUARI 117.808 24º
19%
RIO GRANDE DO NORTE ASSÚ 56.496
14%
DISTRITO FEDERAL ÁGUAS CLARAS 128.486
10%
RORAIMA ALTO ALEGRE 21.066
5%
PARAÍBA ALAGOA GRANDE 26.081 22º
0%
SERGIPE AQUIDABÃ 20.131 24º
0%
AMAZONAS AUTAZES 41.582 14°
0%
Nenhum quiz correspondente encontrado
Distribuição das Pontuações
Porcentagem de Pessoas com Cada Pontuação
Percentil de Números Respondidos
Sua Pontuação Histórica
Você não jogou esse quiz